Govt. of
Madhya Pradesh

हमारा व्‍यवहार (Record no. 22730)

MARC details
000 -LEADER
fixed length control field 005760000a22001810004500
003 - CONTROL NUMBER IDENTIFIER
control field MACL
005 - DATE AND TIME OF LATEST TRANSACTION
control field 20160329155441.0
008 - FIXED-LENGTH DATA ELEMENTS--GENERAL INFORMATION
fixed length control field 160329b xxu||||| |||| 00| 0 eng d
040 ## - CATALOGING SOURCE
Original cataloging agency MACL
Transcribing agency MACL
041 ## - LANGUAGE CODE
Language code of text/sound track or separate title Hindi
082 ## - DEWEY DECIMAL CLASSIFICATION NUMBER
Classification number 150
100 ## - MAIN ENTRY--PERSONAL NAME
Personal name प्रो शमशाद हुसैन
9 (RLIN) 48717
245 ## - TITLE STATEMENT
Title हमारा व्‍यवहार
260 ## - PUBLICATION, DISTRIBUTION, ETC. (IMPRINT)
Name of publisher, distributor, etc. खुदा बख्‍शा ओरियन्‍टल पब्लिक लाइब्रेरी
Date of publication, distribution, etc. 2006
Place of publication, distribution, etc. पटना
350 ## - PRICE (NR) (BK AM CF MU VM SE) [OBSOLETE]
Price 250
650 ## - SUBJECT ADDED ENTRY--TOPICAL TERM
Topical term or geographic name as entry element Psychology
9 (RLIN) 48718
942 ## - ADDED ENTRY ELEMENTS (KOHA)
Koha item type Hindi Books
Call number prefix 150
Source of classification or shelving scheme
Holdings
Withdrawn status Lost status Source of classification or shelving scheme Damaged status Not for loan Home library Current library Date acquired Cost, normal purchase price Total Checkouts Total Renewals Full call number Barcode Checked out Date last seen Date last checked out Uniform Resource Identifier Price effective from Koha item type
          MACL MACL 29/03/2016 250.00 1 1 150 CRH021604 26/12/2021 24/11/2021 24/11/2021 22682 15/04/2015 Books